| 000 | 00883nam a22002657a 4500 | ||
|---|---|---|---|
| 999 |
_c8 _d8 |
||
| 001 | 004302 | ||
| 003 | OSt004302 | ||
| 005 | 20181018000716.0 | ||
| 008 | 181018b ||||| |||| 00| 0 eng d | ||
| 035 | _a(OCoLC)18882173 | ||
| 040 |
_aAzU-L _cDLC _dDLC |
||
| 042 | _alccopycat | ||
| 043 | _as-ck--- | ||
| 082 | _2346.01 C718j | ||
| 245 | 0 | 0 |
_aJurisprudencia civil y comercial, 1985-1986 / _cCorte Suprema de Justicia ; [edición dirigida por Fernando Quiceno Alvarez]. |
| 260 |
_aMedellín, Colombia : _bEditora Jurídica de Colombia, _c1987. |
||
| 300 |
_a378 p. ; _c24 cm. |
||
| 650 | 0 |
_aCivil law _zColombia _xCases. |
|
| 650 | 0 |
_aCommercial law _zColombia _xCases. |
|
| 700 | 2 | _aQuiceno Alvarez, Fernando. | |
| 710 | 1 |
_aColombia. _bCorte Suprema de Justicia. |
|
| 906 |
_a7 _bcbu _ccopycat _d4 _encip _f19 _gy-gencatlg |
||
| 942 |
_2ddc _cBK |
||